000 01400nam a2200373 a 4500
001 ebr10563523
003 CaPaEBR
006 m u
007 cr cn|||||||||
008 110922s2012 si ad sb 001 0 eng d
010 _z 2011284427
020 _z9814366609
020 _z9789814366601
020 _z9789814366618 (e-book)
040 _aCaPaEBR
_cCaPaEBR
035 _a(OCoLC)797852287
050 1 4 _aQA267.7
_b.N53 2012eb
082 0 4 _a003.75
_222
100 1 _aNicolis, G.,
_d1939-
245 1 0 _aFoundations of complex systems
_h[electronic resource] :
_bemergence, information and prediction /
_cGregoire Nicolis, Catherine Nicolis.
250 _a2nd ed.
260 _aSingapore ;
_aHackensack, N.J. :
_bWorld Scientific,
_cc2012.
300 _axvi, 367 p. :
_bill.
504 _aIncludes bibliographical references and index.
533 _aElectronic reproduction.
_bPalo Alto, Calif. :
_cebrary,
_d2011.
_nAvailable via World Wide Web.
_nAccess may be limited to ebrary affiliated libraries.
650 0 _aNonlinear systems.
650 0 _aSystem analysis.
650 0 _aComputational complexity.
650 0 _aNonlinear theories.
655 7 _aElectronic books.
_2local
700 1 _aNicolis, Cathy.
710 2 _aebrary, Inc.
856 4 0 _uhttp://site.ebrary.com/lib/rucke/Doc?id=10563523
_zAn electronic book accessible through the World Wide Web; click to view
999 _c95371
_d95371